Electric circuits and electron devices / (Record no. 66032)

MARC details
000 -LEADER
fixed length control field 00930nam a22002417a 4500
005 - DATE AND TIME OF LATEST TRANSACTION
control field 20120503110221.0
008 - FIXED-LENGTH DATA ELEMENTS--GENERAL INFORMATION
fixed length control field 120503t xxu||||| |||| 00| 0 eng d
010 ## - LCCN (DPL NO)
LC control number ENG-105189
020 ## - INTERNATIONAL STANDARD BOOK NUMBER
International Standard Book Number 9788182093102
Terms of availability 300.00
020 ## - INTERNATIONAL STANDARD BOOK NUMBER
International Standard Book Number 8182093104
Terms of availability 300.00
035 ## - SYSTEM CONTROL NUMBER
System control number EN-88722
037 ## - SOURCE OF ACQUISITION
Source of stock number/acquisition DBAD/PUB
040 ## - CATALOGING SOURCE
Original cataloging agency DPL
Language of cataloging Eng
082 ## - DEWEY DECIMAL CLASSIFICATION NUMBER
Classification number 621.3815
100 ## - MAIN ENTRY--PERSONAL NAME
Personal name Korah, Reeba
9 (RLIN) 16472
245 ## - TITLE STATEMENT
Title Electric circuits and electron devices /
Statement of responsibility, etc by Reeba Korah [and] Aby K. Thomas
260 ## - PUBLICATION, DISTRIBUTION, ETC. (IMPRINT)
Place of publication, distribution, etc Noida
Name of publisher, distributor, etc Vijay Nicole Imprints in collaboration with Tata McGraw Hill
Date of publication, distribution, etc 2012
270 ## - ADDRESS
Address B-4, Sector-63, Dist. Gautam Budh Nagar
City Noida
Postal code 201301
300 ## - PHYSICAL DESCRIPTION
Extent various pagings :
Dimensions 24cm(pbk)
Other physical details ill.
700 ## - ADDED ENTRY--PERSONAL NAME
Personal name Thomas, Aby K.
9 (RLIN) 46248
942 ## - ADDED ENTRY ELEMENTS (KOHA)
Source of classification or shelving scheme Dewey Decimal Classification
Item type English Books
Call number suffix KOR
Classification part 621.3815
Holdings
Withdrawn status Lost status Source of classification or shelving scheme Damaged status Not for loan Collection code Home library Current library Date acquired Source of acquisition Cost, normal purchase price Total Checkouts Full call number Barcode Date last seen Copy number Cost, replacement price Koha item type
    Dewey Decimal Classification   Not For Loan Non-fiction D.B.Act.Division D.B.Act.Division 03/05/2012 DBAD/PUB 300.00   621.3815 KOR EN-88722 03/05/2012 1 300.00 English Books

© Delhi Public Library
Hit Counter
free hit counter